<?xml version="1.0" encoding="UTF-8"?>
<record
    xmlns:xsi="http://www.w3.org/2001/XMLSchema-instance"
    xsi:schemaLocation="http://www.loc.gov/MARC21/slim http://www.loc.gov/standards/marcxml/schema/MARC21slim.xsd"
    xmlns="http://www.loc.gov/MARC21/slim">

  <leader>00894nom a2200229 i 4500</leader>
  <datafield tag="999" ind1=" " ind2=" ">
    <subfield code="c">169133</subfield>
    <subfield code="d">169133</subfield>
  </datafield>
  <controlfield tag="001">2-00343195</controlfield>
  <controlfield tag="003">PPAK</controlfield>
  <controlfield tag="005">20180819145015.0</controlfield>
  <controlfield tag="008">170827s        -hka|||| |||||  |   eng d</controlfield>
  <datafield tag="040" ind1=" " ind2=" ">
    <subfield code="a">PPAK</subfield>
    <subfield code="b">eng</subfield>
    <subfield code="c">PPAK</subfield>
    <subfield code="e">rda</subfield>
  </datafield>
  <datafield tag="082" ind1=" " ind2=" ">
    <subfield code="2">23</subfield>
    <subfield code="a">967.9153</subfield>
  </datafield>
  <datafield tag="090" ind1=" " ind2=" ">
    <subfield code="a">967.9153</subfield>
    <subfield code="b">STE</subfield>
    <subfield code="d">RK</subfield>
  </datafield>
  <datafield tag="245" ind1="0" ind2="0">
    <subfield code="a">Stegosaurus skeleton fossil</subfield>
  </datafield>
  <datafield tag="264" ind1=" " ind2="1">
    <subfield code="a">Hong Kong, China:</subfield>
    <subfield code="b">Dino Horizons of COG Ltd,</subfield>
    <subfield code="c">[date of publication not identified]</subfield>
  </datafield>
  <datafield tag="300" ind1=" " ind2=" ">
    <subfield code="b">colours</subfield>
    <subfield code="c">19 X 25 X 5cm</subfield>
  </datafield>
  <datafield tag="336" ind1=" " ind2=" ">
    <subfield code="2">three-dimensional form</subfield>
    <subfield code="a">text</subfield>
    <subfield code="a">still image</subfield>
  </datafield>
  <datafield tag="337" ind1=" " ind2=" ">
    <subfield code="2">unmediated</subfield>
  </datafield>
  <datafield tag="338" ind1=" " ind2=" ">
    <subfield code="2">object</subfield>
    <subfield code="a">volume</subfield>
  </datafield>
  <datafield tag="500" ind1=" " ind2=" ">
    <subfield code="a">Warning : Possible choking hazard to small parts, not suittable for children under 3 years old. Please keep packaging for future reference.</subfield>
  </datafield>
  <datafield tag="650" ind1="1" ind2="0">
    <subfield code="a">Stegosaurus, Fossil - Juvenile literature. ; Dinosaur, Skeleton - Juvenile literature. ; Dinosaur - Juvenile literature.</subfield>
  </datafield>
  <datafield tag="942" ind1=" " ind2=" ">
    <subfield code="2">ddc</subfield>
    <subfield code="c">3D</subfield>
  </datafield>
  <datafield tag="952" ind1=" " ind2=" ">
    <subfield code="0">0</subfield>
    <subfield code="1">0</subfield>
    <subfield code="2">ddc</subfield>
    <subfield code="4">0</subfield>
    <subfield code="7">1</subfield>
    <subfield code="a">PPAK</subfield>
    <subfield code="b">PPAK</subfield>
    <subfield code="c">RK</subfield>
    <subfield code="d">2017-08-30</subfield>
    <subfield code="e">KP</subfield>
    <subfield code="g">40.50</subfield>
    <subfield code="l">0</subfield>
    <subfield code="o">RK 967.9153 STE</subfield>
    <subfield code="p">A01544313</subfield>
    <subfield code="r">2018-08-05 00:00:00</subfield>
    <subfield code="v">40.50</subfield>
    <subfield code="w">2018-08-05</subfield>
    <subfield code="y">KIT3D</subfield>
  </datafield>
  <datafield tag="952" ind1=" " ind2=" ">
    <subfield code="0">0</subfield>
    <subfield code="1">0</subfield>
    <subfield code="2">ddc</subfield>
    <subfield code="4">0</subfield>
    <subfield code="7">1</subfield>
    <subfield code="a">SP</subfield>
    <subfield code="b">SP</subfield>
    <subfield code="c">RK</subfield>
    <subfield code="d">2017-09-07</subfield>
    <subfield code="e">JI</subfield>
    <subfield code="g">0.00</subfield>
    <subfield code="l">0</subfield>
    <subfield code="o">RK 967.9153 STE</subfield>
    <subfield code="p">A00731575</subfield>
    <subfield code="r">2018-08-05 00:00:00</subfield>
    <subfield code="t">H034575</subfield>
    <subfield code="w">2018-08-05</subfield>
    <subfield code="y">KIT3D</subfield>
  </datafield>
</record>
